|
|
|
|
| LEADER |
00000nab a2200000 a 4500 |
| 001 |
vtls000073110 |
| 003 |
SK-MaSNL |
| 005 |
20260514034436.0 |
| 008 |
111031c1980 xo 0 slo |
| 015 |
|
|
|a SNBRA19rr/mm-uuuuu
|
| 035 |
|
|
|a CL0083211
|
| 040 |
|
|
|a SNKBUCL
|b slo
|c SNKBUCL
|e AACR2
|
| 041 |
0 |
|
|a slo
|
| 044 |
|
|
|a xo
|c SK
|
| 080 |
|
|
|a 002.6.001
|2 1981
|
| 080 |
|
|
|a 007
|2 1981
|
| 100 |
1 |
|
|a Žibritová, Gabriela,
|d 1941-2026
|4 aut
|9 103741
|
| 245 |
1 |
0 |
|a Otázky vzťahu teórie sociálnej komunikácie a informatiky
|c Gabriela Žibritová
|
| 300 |
|
|
|b Rus., nem., angl. res.
|
| 650 |
0 |
7 |
|a informatika
|2 snkbucl
|9 1124
|
| 650 |
0 |
7 |
|a sociálna komunikácia
|2 snkbucl
|9 1396
|
| 655 |
|
7 |
|a články zo zborníkov
|2 snkbucl
|9 166140
|
| 655 |
|
7 |
|a články z odboru knihovníctvo
|2 snkbucl
|9 166141
|
| 773 |
0 |
|
|t Knižničný zborník 1980
|d Martin : Matica slovenská, 1980
|g S. 59-84
|
| 850 |
|
|
|a Slovenská národná knižnica v Martine
|a MTA001
|
| 852 |
|
|
|a SNK
|b KIS3GCP
|
| 958 |
|
|
|a RK
|
| 958 |
|
|
|a KL
|
| 992 |
|
|
|a RZB
|
| 999 |
|
|
|c 2846641
|d 2848571
|